00969nam a22001337a 4500008004100000020001800041082001500059100002800074245009800102260004400200300003900244505039200283650016000675191203b xxu||||| |||| 00| 0 eng d a9781907908507 a708bV427v aHoffmann, Jens (Editor) aVeinte años de Despacio 2008-2028. Todas las formas de creatividad desde Centro América.  aSan José, Costa RicabDespacio c2018 a240 p.bill (col).c23,2 x 16,7 cm tEl archipiélago centroamericanorJens HoffmanntTomándose el tiemporFederico Herrero, Natalia Valencia ArangotPregunte a los artistas rFernanda BrennertEl vacío a medida que lo llenamos rSandino ScheideggertPuntualizando en el maparPablo León de la Barra, Erno Hilarion, Cristina RamíreztExposiciones grupales tExhibiciones individualest2018 - 2028 rPablo Cambronero vArte contemporáneo xArte - exhibicionesxArte - retrospectivaxArte - espacios independientes xArte - DespacioyDespacio - 2008/2028zArte - Costa Rica